<?xml version="1.0" encoding="UTF-8"?>
<record
    xmlns:xsi="http://www.w3.org/2001/XMLSchema-instance"
    xsi:schemaLocation="http://www.loc.gov/MARC21/slim http://www.loc.gov/standards/marcxml/schema/MARC21slim.xsd"
    xmlns="http://www.loc.gov/MARC21/slim">

  <leader>00920nam0a2200277   4500</leader>
  <controlfield tag="001">RU\NLR\ONL1\9181</controlfield>
  <controlfield tag="005">20250613120146.0</controlfield>
  <datafield tag="035" ind1=" " ind2=" ">
    <subfield code="a">(NLR Aleph) 009637929</subfield>
  </datafield>
  <datafield tag="090" ind1=" " ind2=" ">
    <subfield code="a">9533471</subfield>
    <subfield code="c">9533471</subfield>
  </datafield>
  <datafield tag="100" ind1=" " ind2=" ">
    <subfield code="a">20060727d1931    |||y0rusy50      ca</subfield>
  </datafield>
  <datafield tag="101" ind1="0" ind2=" ">
    <subfield code="a">udm</subfield>
  </datafield>
  <datafield tag="102" ind1=" " ind2=" ">
    <subfield code="a">RU</subfield>
  </datafield>
  <datafield tag="105" ind1=" " ind2=" ">
    <subfield code="a">y |||||||||</subfield>
  </datafield>
  <datafield tag="200" ind1="1" ind2=" ">
    <subfield code="a">&#x41C;&#x430;&#x440; &#x443;&#x436;&#x430;&#x43D;&#x43E; &#x43A;&#x43E;&#x43B;&#x445;&#x43E;&#x437;&#x44B;&#x43D; &#x438;&#x43D;&#x43C;&#x430;&#x440;&#x43B;&#x44B; &#x43E;&#x441;&#x43A;&#x438;&#x441;&#x44C;&#x442;&#x44D;&#x43C; &#x43C;&#x443;&#x440;&#x442;&#x43B;&#x44B;</subfield>
    <subfield code="f">[&#x41F;&#x435;&#x440;. &#x418;. &#x414;&#x43C;&#x438;&#x442;&#x440;&#x438;&#x435;&#x432;]</subfield>
  </datafield>
  <datafield tag="210" ind1=" " ind2=" ">
    <subfield code="a">&#x41C;.</subfield>
    <subfield code="c">&#x426;&#x435;&#x43D;&#x442;&#x440;&#x438;&#x437;&#x434;&#x430;&#x442;</subfield>
    <subfield code="d">1931</subfield>
  </datafield>
  <datafield tag="215" ind1=" " ind2=" ">
    <subfield code="a">48 &#x441;.</subfield>
    <subfield code="d">18</subfield>
  </datafield>
  <datafield tag="541" ind1="1" ind2=" ">
    <subfield code="a">&#x427;&#x442;&#x43E; &#x434;&#x43E;&#x43B;&#x436;&#x435;&#x43D; &#x434;&#x435;&#x43B;&#x430;&#x442;&#x44C; &#x431;&#x435;&#x437;&#x431;&#x43E;&#x436;&#x43D;&#x438;&#x43A; &#x432; &#x43A;&#x43E;&#x43B;&#x445;&#x43E;&#x437;&#x435;</subfield>
    <subfield code="z">rus</subfield>
  </datafield>
  <datafield tag="606" ind1="0" ind2=" ">
    <subfield code="a">&#x410;&#x442;&#x435;&#x438;&#x441;&#x442;&#x438;&#x447;&#x435;&#x441;&#x43A;&#x43E;&#x435; &#x432;&#x43E;&#x441;&#x43F;&#x438;&#x442;&#x430;&#x43D;&#x438;&#x435;</subfield>
    <subfield code="9">1032665</subfield>
    <subfield code="3">RU\NLR\auth\6678583</subfield>
  </datafield>
  <datafield tag="686" ind1="1" ind2=" ">
    <subfield code="a">&#x42D;165.3</subfield>
  </datafield>
  <datafield tag="700" ind1=" " ind2="1">
    <subfield code="a">&#x414;&#x430;&#x439;&#x440;&#x438;</subfield>
    <subfield code="b">&#x41D;.</subfield>
    <subfield code="4">070</subfield>
  </datafield>
  <datafield tag="801" ind1=" " ind2="0">
    <subfield code="a">RU</subfield>
    <subfield code="b">NLR</subfield>
    <subfield code="c">20060727</subfield>
    <subfield code="g">PSBO</subfield>
  </datafield>
  <datafield tag="852" ind1=" " ind2=" ">
    <subfield code="a">NLR</subfield>
    <subfield code="b">&#x41E;&#x41D;&#x41B;</subfield>
    <subfield code="j">&#x423;&#x434;&#x43C;&#x443;&#x440;./2-187</subfield>
  </datafield>
  <datafield tag="942" ind1=" " ind2=" ">
    <subfield code="c">BOOK</subfield>
  </datafield>
  <datafield tag="980" ind1=" " ind2=" ">
    <subfield code="a">NB</subfield>
  </datafield>
  <datafield tag="995" ind1=" " ind2=" ">
    <subfield code="5">2013-10-26</subfield>
    <subfield code="b">NLR01</subfield>
    <subfield code="c">NLR01</subfield>
    <subfield code="e">ONL</subfield>
    <subfield code="f">1-2427987</subfield>
    <subfield code="k">&#x423;&#x434;&#x43C;&#x443;&#x440;./2-187</subfield>
    <subfield code="o">0</subfield>
    <subfield code="r">BOOK</subfield>
    <subfield code="s">2187_</subfield>
  </datafield>
</record>
